000 00516cam a2200157 4500500
005 20251228073120.0
041 _afre
042 _adc
100 1 0 _aMaison, Rafaëlle
_eauthor
700 1 0 _ade Geouffre de La Pradelle, Géraud
_eauthor
245 0 0 _aL'ordonnance du juge Bruguière comme objet négationniste
260 _c2014.
500 _a62
786 0 _nCités | 57 | 1 | 2014-03-01 | p. 79-90 | 1299-5495
856 4 1 _uhttps://shs.cairn.info/revue-cites-2014-1-page-79?lang=fr&redirect-ssocas=7080
999 _c1594829
_d1594829